|
|
|
|
| LEADER |
00000nab a2200000 a 4500 |
| 001 |
vtls009153909 |
| 003 |
SK-MaSNL |
| 005 |
20260303064032.0 |
| 008 |
071026c20070823xo dr n 000 00slo |
| 038 |
|
|
|a SVKPOCL
|
| 040 |
|
|
|a SVKPOCL
|b slo
|c AACR2
|e AACR2
|
| 041 |
|
|
|a slo
|
| 044 |
|
|
|a xo
|c SK
|
| 080 |
|
|
|a 353.5(437.6)
|2 2001
|
| 100 |
1 |
|
|a Országh, Milan
|4 ivr
|4 aut
|9 371464
|
| 245 |
1 |
0 |
|a Kraj definitívne končí
|b dohodnú sa už konečne na barákoch?
|c pripravil: Milan Országh
|
| 300 |
|
|
|a Fotogr.
|
| 600 |
1 |
7 |
|a Smolko, Igor
|2 svkpocl
|9 1062107
|
| 610 |
1 |
7 |
|a Prešov (Slovensko).
|b Obvodný úrad
|2 svkpocl
|9 188259
|
| 650 |
0 |
7 |
|a krajské úrady
|x rušenie
|2 svkpocl
|9 1062108
|
| 651 |
|
7 |
|a Prešov (Slovensko)
|2 svkpocl
|9 17347
|
| 651 |
|
7 |
|a Prešovský samosprávny kraj (Slovensko)
|2 svkpocl
|9 23301
|
| 700 |
1 |
|
|a Smolko, Igor
|4 ive
|4 aut
|9 1062107
|
| 773 |
0 |
|
|t Prešovský večerník
|g Roč. XVIII, č. 4269 (23.8.2007), s. 4
|x 1336-4030
|
| 852 |
|
|
|a SVKPO
|b KIS3GCP
|
| 856 |
4 |
1 |
|u www.vecernik.po.sk
|
| 958 |
|
|
|a RG
|
| 999 |
|
|
|c 1745461
|d 1747391
|